English Vocabulary in Use. Pre-Intermediate and intermediate

Dettagli Bibliografici
Autore principale: Redman S. Stuart
Lingua:inglese
Pubblicazione: Cambridge, Cambridge University Press, 2007
Edizione:10th ed.
Soggetti:
Natura: MixedMaterials Libro
KOHA link:https://koha.lib.tpu.ru/cgi-bin/koha/opac-detail.pl?biblionumber=128510

MARC

LEADER 00000nam0a2200000 4500
001 128510
005 20231031132812.0
010 |a 9780521614658 
035 |a (RuTPU)RU\TPU\book\139017 
090 |a 128510 
100 |a 20071228d2007 m y0engy50 ba 
101 0 |a eng 
102 |a GB 
105 |a a j 000zy 
200 1 |a English Vocabulary in Use. Pre-Intermediate and intermediate  |f S. Redman 
205 |a 10th ed. 
210 |a Cambridge  |c Cambridge University Press  |d 2007 
215 |a 263 p.  |c il.  |e CD-ROM 
610 1 |a английский язык 
610 1 |a лексика 
610 1 |a разговорная речь 
610 1 |a упражнения 
610 1 |a учебные пособия 
686 |a Ш143.21-923.4  |v LBC/SL-A  |2 rubbk 
700 1 |a Redman  |b S.  |g Stuart 
801 1 |a RU  |b 63413507  |c 20071228  |g PSBO 
801 2 |a RU  |b 63413507  |c 20221207  |g PSBO 
942 |c BK 
959 |a 96/20071224  |d 26  |e 475,20  |f ЯЦ_ЭФФ:10  |f ЧЗИЛ:1  |f ЯЦ_ХТФ:5  |f ЯЦ_ИГНД:10